| 000 | 00719nam a2200265 a 4500 | ||
|---|---|---|---|
| 003 | AR-BaBNM | ||
| 005 | 20251128202929.0 | ||
| 008 | 082120s2002 ||||||||||||||000 | spa|| | ||
| 040 | _cAR-BaBNM | ||
| 100 | 1 | _aAbud, Salomón | |
| 245 | 0 | 0 |
_aRivadavia _bel organizador de la República |
| 250 | _a1ª ed. | ||
| 260 |
_aBuenos Aires _bClaridad _c1945 |
||
| 300 | _a508 p. | ||
| 490 | 0 |
_aBiblioteca de grandes biografías. A _vv. 9 |
|
| 600 | 1 | 4 |
_aRivadavia, Bernardino _d1826-1827 |
| 650 | 4 | _aHISTORIA ARGENTINA | |
| 650 | 4 | _aBIOGRAFIAS | |
| 650 | 4 | _aGUERRAS CIVILES ARGENTINAS | |
| 650 | 4 | _aLIGA DE LAS PROVINCIAS | |
| 650 | 4 | _aGUERRA DEL BRASIL | |
| 655 | _aBIOGRAFIAS | ||
| 942 | _cBK | ||
| 998 | _cEnrique | ||
| 999 |
_c1200 _d1200 |
||